Statystyki dla Wymień większość kieleckich ulic

Kliknij tutaj aby rozwiązać quiz!

Ogólne statystyki

  • Ten quiz został rozwiązany 7 razy
  • Średni wynik to 37 z 500

Statystyki odpowiedzi

Odpowiedź% Poprawnych
Mickiewicza
83%
Krakowska
67%
1 Maja
50%
Częstochowska
50%
Jagiellońska
50%
Jana Pawła II
50%
Kazimierza Wielkiego
50%
Kościuszki
50%
Mieszka I
50%
Piłsudskiego
50%
Słowackiego
50%
Bohaterów Warszawy
33%
Buska
33%
Chodkiewicza
33%
Chopina
33%
Chrobrego
33%
Cicha
33%
Domaszowska
33%
Duża
33%
Jagiełły
33%
Kopernika
33%
Lubelska
33%
Matejki
33%
Mazurska
33%
Naruszewicza
33%
Piekoszowska
33%
Piotrkowska
33%
Pomorska
33%
Radomska
33%
Sienkiewicza
33%
Traugutta
33%
1905 Roku
17%
Agrestowa
17%
Alabastrowa
17%
Aleksandrówka
17%
Andersa
17%
Armii Krajowej
17%
Artylerzystów
17%
Astronautów
17%
Bąkowa
17%
Barczańska
17%
Barwinek
17%
Barytowa
17%
Batalionów Chłopskich
17%
Batorego
17%
Bęczkowska
17%
Będzińska
17%
Bema
17%
Berberysowa
17%
Bernardyńska
17%
Beskidzka
17%
Białogońska
17%
Biesak
17%
Bieszczadzka
17%
Bitwy nad Bzurą
17%
Bobrowa
17%
Bobrzańska
17%
Boczna
17%
Bocznica
17%
Bodzentyńska
17%
Borowa
17%
Braterska
17%
Browarna
17%
Bruszniowa
17%
Brzechowska
17%
Brzoskwiniowa
17%
Brzozowa
17%
Bukowa
17%
Bursztynowa
17%
Cedro Mazur
17%
Cedrowa
17%
Cedzyńska
17%
Ceglana
17%
Chabrowa
17%
Charsznicka
17%
Chęcińska
17%
Chłodna
17%
Chłopska
17%
Chorzowska
17%
Ciekocka
17%
Ciepła
17%
Cisowa
17%
Cmentarna
17%
Ćwiklińskiej
17%
Czarnowska
17%
Diamentowa
17%
Dobromyśl
17%
Dobrowolskiej
17%
Druckiego-Lubeckiego
17%
Dygasińskiego
17%
Fabryczna
17%
Fredry
17%
Gierymskiego
17%
Górna
17%
Górników Staszicowskich
17%
Grobla
17%
Grottgera
17%
Grunwaldzka
17%
Hubalczyków
17%
Husarska
17%
Hutnicza
17%
Iłżecka
17%
IX Wieków Kielc
17%
Janowskiego
17%
Jasieńskiego
17%
Jaworskiego
17%
Jędrzejowska
17%
Jesionowa
17%
Kaczmarka
17%
Kaczyńskiego
17%
Kadłubka
17%
Klonowa
17%
Kochanowskiego
17%
Kolonia
17%
Konarskiego
17%
Konecka
17%
Konopnickiej
17%
Konstytucji 3 Maja
17%
Kryształowa
17%
Krzyżanowskiej
17%
Kujawska
17%
Kusocińskiego
17%
Legionów
17%
Leśna
17%
Łokietka
17%
Mała
17%
Małopolska
17%
Malskiej
17%
Markowskiego
17%
Marszałkowska
17%
Massalskiego
17%
Mechaników
17%
Młoda
17%
Modrzewskiego
17%
Moniuszki
17%
Morcinka
17%
Na Stadion
17%
Na Stoku
17%
Niska
17%
Nowa
17%
Nowy Świat
17%
Olkuska
17%
Orla
17%
Orzeszkowej
17%
Paderewskiego
17%
Pańska
17%
Pietraszki
17%
Pileckiego
17%
Pińczowska
17%
Plater
17%
Podklasztorna
17%
Poniatowskiego
17%
Popiełuszki
17%
Powstania Styczniowego
17%
Prusa
17%
Przemysłowa
17%
Ptasia
17%
Reja
17%
Różana
17%
Rynek
17%
Sandomierska
17%
Sędziszowska
17%
Sikorskiego
17%
Skibińskiego
17%
Skłodowskiej-Curie
17%
Solidarności
17%
Staffa
17%
Struga
17%
Szajnowicza-Iwanowa
17%
Tysiąclecia Państwa Polskiego
17%
Unruga
17%
Zapolskiej
17%
Znojkiewiczowej
17%
Artwińskiego
0%
Artystów
0%
Barabasza
0%
Boznańskiej
0%
Brandta
0%
Chełmońskiego
0%
Chryzostoma Paska
0%
Cynkowa
0%
Czachowskiego
0%
Czarnieckiego
0%
Czarnockiego
0%
Czernidło
0%
Czerwonego Krzyża
0%
Czołgistów
0%
Dąbka
0%
Dąbrowska
0%
Daleka
0%
Daleszycka
0%
Daszyńskiego
0%
Dębowa
0%
Dereniowa
0%
Dewońska
0%
Długa
0%
Dobra
0%
Dobrzyńska
0%
Dolna
0%
Dolomitowa
0%
Domaniówka
0%
Domki
0%
Do Modrzewia
0%
Drogosza
0%
Duńska
0%
Dymińska
0%
Dyrekcji Głównej Górniczej
0%
Działkowa
0%
Dzielna
0%
Dzika
0%
Elsnera
0%
Ewangelicka
0%
Fałata
0%
Fałdowa
0%
Folwarczna
0%
Fosforytowa
0%
Gagarina
0%
Gajowa
0%
Gałczyńskiego
0%
Galenowa
0%
Garbarska
0%
Giętówka
0%
Gipsowa
0%
Giserska
0%
Głęboczka
0%
Gliniana
0%
Głogowa
0%
Gomółki
0%
Górnicza
0%
Gosiewskiego
0%
Grabinów
0%
Graniczna
0%
Granitowa
0%
Grenadierów
0%
Grochowa
0%
Gromadzka
0%
Grota-Roweckiego
0%
Gruchawka
0%
Grzybowa
0%
Gwarków
0%
Hadziewicza
0%
Hauke-Bosaka
0%
Helenówek
0%
Helska
0%
Herbska
0%
Hercyńska
0%
Hipoteczna
0%
Hoża
0%
Iglasta
0%
Jagodowa
0%
Jałowcowa
0%
Jana Skorupki
0%
Janczarska
0%
Janowska
0%
Jarońskich
0%
Jarząbek
0%
Jarzębinowa
0%
Jarzynowa
0%
Jaskółcza
0%
Jaśminowa
0%
Jasna
0%
Jaworowa
0%
Jędrusiów
0%
Jeleniowska
0%
Jeziorko
0%
Jodłowa
0%
Jurajska
0%
Kaczorowskiego
0%
Kaczowa
0%
Kadena
0%
Kalcytowa
0%
Kalinowa
0%
Kamienna
0%
Kamińskiego
0%
Kąpielowa
0%
Kapitulna
0%
Karbońska
0%
Karczówka-Klasztor
0%
Karczówkowska
0%
Karczunek
0%
Karkonoska
0%
Karłowicza
0%
Karpacka
0%
Karskiego
0%
Kasprowicza
0%
Kasztanowa
0%
Kaznowskiego
0%
Kiepury
0%
Klecka
0%
Kleeberga
0%
Klimeckiego
0%
Kocka
0%
Kolberga
0%
Kolejarzy
0%
Kołłątaja
0%
Końcowa
0%
Kongresowa
0%
Kordeckiego
0%
Kosynierów
0%
Kozia
0%
Kredowa
0%
Krótka
0%
Krucza
0%
Kruszcowa
0%
Kruszelnickiego Wilka
0%
Krzemionkowa
0%
Krzywa
0%
Księżniczki Dąbrówki
0%
Kurpińskiego
0%
Kutnowska
0%
Kuźników
0%
Kwarciana
0%
Kwarcytowa
0%
Langiewicza
0%
Laskowa
0%
Lecha
0%
Legnicka
0%
Leśniówka
0%
Leszczyńska
0%
Lindego
0%
Lisia
0%
Lisowczyków
0%
Litewska
0%
Loefflera
0%
Lotnicza
0%
Lubiczna
0%
Lubrzanka
0%
Machałowej
0%
Machnowicka
0%
Mąchocka
0%
Maczka
0%
Magazynowa
0%
Mahometańska
0%
Malachitowa
0%
Mała Zgoda
0%
Malczewskiego
0%
Mali
0%
Malików
0%
Malinowa
0%
Marmurowa
0%
Maślana
0%
Masłowska
0%
Meissnera
0%
Michałowskiego
0%
Miechowska
0%
Miedziana
0%
Mielczarskiego
0%
Mineralna
0%
Miodowa
0%
Miodowicza
0%
Mleczna
0%
Młyńska
0%
Modlińska
0%
Modrzejewskiej
0%
Modrzewiowa
0%
Mokra
0%
Monte Cassino
0%
Morelowa
0%
Mostowa
0%
Nad Wizną
0%
Najświętszej Maryi Panny
0%
Nałęczów
0%
Na Ługach
0%
Napękowska
0%
Narciarska
0%
Narwicka
0%
Nastole
0%
Niecała
0%
Niepodległości
0%
Niestachowska
0%
Niewachlowska
0%
Niwy Lisowskie
0%
Norweska
0%
Norwida
0%
Nowaka-Jeziorańskiego
0%
Nowowiejska
0%
Oboźna
0%
Obrońców Westerplatte
0%
Obrzeżna
0%
Oficerska
0%
Ogrodowa
0%
Okólnik
0%
Okrężna
0%
Oksywska
0%
Ołowiana
0%
Olszewskiego
0%
Opatowska
0%
Opielińskiej
0%
Opoczyńska
0%
Orląt Lwowskich
0%
Orzechowa
0%
Osobna
0%
Otrocz
0%
Owocowa
0%
Owsiana
0%
Pakosz
0%
Pallotyńska
0%
Pancerna
0%
Panoramiczna
0%
Parkowa
0%
Patrol
0%
Pawia
0%
Pelca
0%
Permska
0%
Peryferyjna
0%
Petyhorska
0%
Piaseczny Dół
0%
Piaski Małe
0%
Piaski nad Rzeką
0%
Piaskowa
0%
Pienińska
0%
Piesza
0%
Piramowicza
0%
Pirytowa
0%
Piwnika Ponurego
0%
Piwowarska
0%
Planty
0%
Pocieszka
0%
Podgórska
0%
Podhalańska
0%
Podlasie
0%
Podleśna
0%
Pod Telegrafem
0%
Podwalna
0%
Poleska
0%
Poligonowa
0%
Polna
0%
Północna
0%
Południowa
0%
Poprzeczna
0%
Posłowicka
0%
Pradło
0%
Prendowskiej
0%
Prochownia
0%
Prosta
0%
Przechodnia
0%
Przecznica
0%
Przegony
0%
Przejazd
0%
Przelot
0%
Przęsłowa
0%
Przygodna
0%
Przyłogi
0%
Puscha
0%
Raciborskiego
0%
Radiowa
0%
Radlińska
0%
Radostowa
0%
Raginisa
0%
Rajtarska
0%
Rakowska
0%
Robotnicza
0%
Rolna
0%
Romualda
0%
Równa
0%
Rozmarynowa
0%
Różyckiego
0%
Rumiankowa
0%
Rybna
0%
Rzeczna
0%
Rzepichy
0%
Rzeszowska
0%
Sabinówek
0%
Sadowa
0%
Samsonowicza
0%
Saperów
0%
Ściegiennego
0%
Sieje
0%
Smolaka
0%
Smuglewicza
0%
Śniadeckich
0%
Sobieskiego
0%
Solskiego
0%
Staszica
0%
Strasza
0%
Styki
0%
Sucharskiego
0%
Świętego Stanisława Biskupa
0%
Świętego Wojciecha
0%
Szareckiego
0%
Szermentowskiego
0%
Szymanowskiego
0%
Tarnowskiego
0%
Taylora
0%
Teligi
0%
Tomaszewskiego
0%
Tuwima
0%
Wawrzyńskiej
0%
Wolności
0%
Zamenhofa
0%
Zamkowy
0%
Zaorskiego
0%
Żółkiewskiego
0%
Żrałka
0%

Rozkład punktacji

Percentyl według liczby udzielonych odpowiedzi

Procent ludzi z każdym wynikiem

Twoja historia wyników

Nie rozwiązałeś tego quizu